Early maps of South-East Asia

Bibliographic Details
Main Author: Fell, R.T
Format: Book
Published: Singapore : Oxford University Press , 1991
Edition:2nd edition
Series:Images of Asia
Subjects:

MARC

LEADER 00000cam a2200000 7i4500
001 0000002783
002 000003013
005 20000330.0
020 |a 019588972X 
090 0 0 |a 915.904   |b FEL 
100 0 |a Fell, R.T 
245 1 0 |a Early maps of South-East Asia   |c R.T Fell 
250 |a 2nd edition 
260 |a Singapore :   |b Oxford University Press ,   |c 1991 
300 |a 122p. :   |b ill ;   |c 20cm. 
490 0 |a Images of Asia 
650 0 0 |a Maps,early 
651 0 |a Asia,Southeastern   |x Maps 
999 |a 036383   |b BUKU   |c MALAYSIANA   |e PERPUSTAKAAN KOMUNITI PETALING JAYA